[Event "Titled Tue 26th Aug Early"]
[Site "chess.com INT"]
[Date "2025.08.26"]
[Round "7"]
[White "Terkiewicz, Bruno"]
[Black "Manvelyan, Mikayel"]
[Result "0-1"]
[WhiteTitle "CM"]
[BlackTitle "FM"]
[WhiteElo "2128"]
[BlackElo "2386"]
[WhiteFideId "21093245"]
[BlackFideId "13310143"]
[EventDate "2025.08.26"]

1. Nc3 d5 2. d4 Nf6 3. Bf4 c5 4. e3 cxd4 5. exd4 a6 6. Nf3 Bg4 7. h3 Bxf3 8.
Qxf3 Nc6 9. O-O-O e6 10. g4 Bd6 11. g5 Bxf4+ 12. Qxf4 Nh5 13. Qh4 g6 14. Be2 Ng7
15. f4 h5 16. Qf2 Qd6 17. Na4 O-O 18. Kb1 Nf5 19. c3 b5 20. Nc5 b4 21. Bd3 bxc3
22. bxc3 Rfb8+ 23. Ka1 Nce7 24. Rb1 a5 25. Rb3 Rb6 26. Rhb1 Rab8 27. Rxb6 Rxb6
28. Rxb6 Qxb6 29. Nd7 Qc6 30. Nf6+ Kg7 31. Qb2 Ne3 32. Qc1 N7f5 33. Bxf5 Nxf5
34. Qa3 Ne3 35. Qxa5 Qb7 36. Qa4 Nc4 37. Qb3 Qc8 38. Qb4 h4 39. a4 Ne3 40. Kb2
Qa6 41. Qb5 Nc4+ 42. Kb3 Qc8 43. Qe8 Qb7+ 44. Qb5 Qc8 45. a5 Nd6 46. Qc5 Qb7+
47. Kc2 Nc4 48. Qb4 Qc8 49. Qa4 Ne3+ 50. Kd3 Nc4 51. Qa2 Qa6 52. Kc2 Nxa5 53.
Ne8+ Kf8 54. Nc7 Qe2+ 55. Kb1 Qd1+ 56. Kb2 Nc4+ 57. Qxc4 dxc4 0-1

[Event "Titled Tue 26th Aug Early"]
[Site "chess.com INT"]
[Date "2025.08.26"]
[Round "7"]
[White "Belov, Alexei"]
[Black "Popov, Tikhon"]
[Result "0-1"]
[WhiteTitle "IM"]
[BlackTitle "FM"]
[WhiteElo "2421"]
[BlackElo "2335"]
[WhiteFideId "4128206"]
[BlackFideId "24252026"]
[EventDate "2025.08.26"]

1. e4 e5 2. Nf3 Nc6 3. Bb5 Nge7 4. O-O Ng6 5. c3 d5 6. exd5 Qxd5 7. Qe2 Bg4 8.
d4 O-O-O 9. Nbd2 exd4 10. Bxc6 Qxc6 11. cxd4 Nf4 12. Qe3 Bd6 13. Ne4 Nd5 14. Qb3
Rhe8 15. Nxd6+ Qxd6 16. Bg5 f6 17. Bh4 Qb6 18. Qa3 Nf4 19. Bg3 Ne2+ 20. Kh1 Bxf3
21. Qxf3 Nxg3+ 22. hxg3 Qxd4 23. Rad1 Qe5 24. Qg4+ f5 25. Qh5 g6 26. Rxd8+ Rxd8
27. Qf3 Qxb2 28. g4 fxg4 29. Qxg4+ Kb8 30. Qe6 a5 31. Qe7 Rc8 32. Kg1 Qxa2 33.
Qxh7 Qe6 34. Qg7 Rg8 35. Qc3 b6 36. Rc1 Rc8 37. Rb1 Qd6 38. Qxa5 Kb7 39. Qc3 Qc6
40. Qd3 Ra8 41. Rd1 Ra5 42. Qg3 Rc5 43. Kh2 Rh5+ 44. Kg1 Rc5 45. Kh2 b5 46. Rb1
Rh5+ 47. Kg1 Rc5 48. Qe3 Rc4 49. g3 Qc5 50. Qe6 Qc6 51. Qe2 g5 52. Qe3 g4 53.
Qe2 Rc1+ 54. Rxc1 Qxc1+ 55. Kh2 Qc4 56. Qe3 b4 57. f3 gxf3 58. Qxf3+ Kb6 59.
Qe3+ c5 60. Qh6+ Kb5 0-1

[Event "Titled Tue 26th Aug Early"]
[Site "chess.com INT"]
[Date "2025.08.26"]
[Round "7"]
[White "Tran Le Vy"]
[Black "Gallasch, Jonas"]
[Result "0-1"]
[WhiteTitle "WFM"]
[BlackTitle "FM"]
[WhiteElo "1973"]
[BlackElo "2304"]
[WhiteFideId "12423599"]
[BlackFideId "16222474"]
[EventDate "2025.08.26"]

1. e4 c6 2. d4 d5 3. exd5 cxd5 4. Bd3 Nf6 5. h3 g6 6. c3 Bf5 7. Bxf5 gxf5 8. Nf3
e6 9. Ne5 Bd6 10. Bg5 Rg8 11. Qa4+ Kf8 12. h4 Nbd7 13. Qb5 Nxe5 14. dxe5 Bxe5
15. Qxb7 Qc8 16. Qb4+ Ke8 17. Nd2 Ne4 18. Nxe4 fxe4 19. g3 f6 20. Be3 Qa6 21.
Qb3 Rb8 22. Qc2 Kd7 23. a3 Qc4 24. O-O-O Rgc8 25. Bd4 Rb3 26. Bxe5 fxe5 27. Rd2
a5 28. Rhd1 a4 29. Re2 Rf8 30. Rxe4 Qc5 31. Rxa4 Rb7 32. f4 exf4 33. Rxf4 Rxf4
34. gxf4 Qe3+ 35. Qd2 Qe4 36. Qd4 Qe2 37. Rd2 Qf1+ 38. Kc2 Qa1 39. Qa4+ Kd6 40.
Qa6+ Kc7 41. Kd3 Qf1+ 42. Re2 Qf3+ 43. Kd2 Qxf4+ 44. Kc2 Qf5+ 45. Kd1 Qb1+ 46.
Kd2 Rxb2+ 47. Ke3 Qe4+ 48. Kf2 Qxh4+ 49. Ke3 Qe4+ 50. Kf2 Rxe2+ 51. Qxe2 Qxe2+
52. Kxe2 Kb6 53. Kd3 e5 54. c4 dxc4+ 55. Kxc4 h5 56. Kd5 h4 57. Ke4 Kb5 58. Kf3
Ka4 59. Kg4 Kxa3 60. Kxh4 Kb3 61. Kg3 Kc3 62. Kf3 Kd3 63. Kf2 e4 64. Ke1 Ke3 65.
Kf1 Kd2 66. Kf2 e3+ 67. Kf3 e2 68. Kf4 e1=R 69. Kf5 Kd3 70. Kf6 Kd4 71. Kf7 Kd5
72. Kf6 Re5 73. Kg6 Ke6 74. Kh6 Kf7 75. Kh7 Rh5# 0-1

[Event "Titled Tue 26th Aug Early"]
[Site "chess.com INT"]
[Date "2025.08.26"]
[Round "7"]
[White "Tifferet, Shakked"]
[Black "Fikiet, Alex"]
[Result "0-1"]
[WhiteTitle "FM"]
[WhiteElo "2322"]
[BlackElo "2151"]
[WhiteFideId "2811529"]
[BlackFideId "2052717"]
[EventDate "2025.08.26"]

1. e4 g6 2. d4 Nf6 3. Nd2 Bg7 4. Ngf3 d5 5. e5 Ne4 6. Bd3 Nxd2 7. Qxd2 Bg4 8.
Ng1 Qc8 9. h4 h5 10. Ne2 Bf5 11. Ng3 Bxd3 12. Qxd3 e6 13. Bg5 c5 14. c3 Nc6 15.
O-O Qd7 16. f4 Bf8 17. a3 Be7 18. b4 cxd4 19. cxd4 O-O-O 20. Rfc1 Kb8 21. Ne2
Rc8 22. Nc3 Bd8 23. b5 Na5 24. Na4 Bb6 25. Nc5 Qe8 26. Rab1 Nc4 27. Na4 Qd7 28.
Kh2 Rc7 29. Rc3 Rhc8 30. Rbb3 Na5 31. Rxc7 Qxc7 32. Rc3 Nc4 33. Qf3 Bxd4 34. Rd3
Bb6 35. Nxb6 Qxb6 36. Qe2 Qxb5 37. f5 gxf5 38. Be7 Ka8 39. Qd1 Nxe5 40. Rb3 Qc6
41. Bg5 Ng4+ 42. Kg3 Qc7+ 43. Bf4 e5 44. Bg5 f4+ 45. Kh3 d4 46. Qd3 Ne3 47. Qb5
a6 48. Qa4 Qc6 49. Qxc6 Rxc6 50. g3 f3 51. Bxe3 dxe3 52. Rxe3 Rf6 53. Re1 f2 54.
Rf1 e4 55. g4 hxg4+ 56. Kxg4 e3 57. Kg5 Rd6 58. Rxf2 exf2 59. h5 f1=Q 60. h6
Qg2+ 61. Kf5 Rxh6 62. a4 Qg6+ 63. Ke5 Rh5+ 64. Kf4 Qf5+ 65. Ke3 Rh3+ 66. Ke2
Qf3+ 67. Kd2 Rh2+ 68. Ke1 Qh1# 0-1

[Event "Titled Tue 26th Aug Early"]
[Site "chess.com INT"]
[Date "2025.08.26"]
[Round "7"]
[White "Pham, Le Thao Nguyen"]
[Black "Bologan, Victor"]
[Result "1/2-1/2"]
[WhiteTitle "IM"]
[BlackTitle "GM"]
[WhiteElo "2348"]
[BlackElo "2601"]
[WhiteFideId "12401226"]
[BlackFideId "13900048"]
[EventDate "2025.08.26"]

1. d4 d6 2. Nf3 Nf6 3. Bf4 g6 4. e3 Bg7 5. h3 c5 6. c3 Qb6 7. Qb3 Be6 8. Qxb6
axb6 9. a3 Nc6 10. Nbd2 O-O 11. Be2 Na5 12. O-O Nb3 13. Nxb3 Bxb3 14. Nd2 Bd5
15. Rfe1 Rfe8 16. Bg5 Bc6 17. Bxf6 Bxf6 18. Bf3 d5 19. Rad1 e6 20. Nf1 h5 21. g3
Kg7 22. h4 Rad8 23. Rd2 Kf8 24. Kg2 Ra8 25. Nh2 Bg7 26. e4 Bh6 27. Rdd1 Ba4 28.
Ra1 cxd4 29. cxd4 dxe4 30. Bxe4 Red8 31. Nf3 Rd7 32. Re2 Rc8 33. Rae1 Rcc7 34.
Bd3 Bc6 35. Be4 Bb5 36. Rc2 Rxc2 37. Bxc2 Bg7 38. Be4 Ke7 39. d5 e5 40. d6+ Kxd6
41. Rd1+ Kc7 42. Rxd7+ Bxd7 43. Bd5 Be8 44. b3 f6 45. Nd2 f5 46. a4 e4 47. f3 e3
48. Nc4 Bd4 49. Kf1 b5 50. axb5 Bxb5 51. Ke2 Ba6 52. Bf7 b5 53. Nxe3 f4 54. gxf4
b4+ 55. Nc4 Bf6 56. Bxg6 Bxh4 57. Bxh5 Kc6 58. Bf7 Kc5 59. Kd3 Bf6 60. Be6 Bb7
61. Bg4 Bd5 62. Bh5 Bg7 63. Bg4 Bh6 64. f5 Bg5 65. Bh5 Bg8 66. Bg4 Bf7 67. Na5
Kb5 68. Nc4 Kc5 69. Na5 Kb5 70. Nc4 Kc5 1/2-1/2

[Event "Titled Tue 26th Aug Early"]
[Site "chess.com INT"]
[Date "2025.08.26"]
[Round "7"]
[White "Wen, Gehua"]
[Black "Brozynski, Patryk"]
[Result "1-0"]
[WhiteTitle "CM"]
[BlackTitle "CM"]
[WhiteElo "2196"]
[BlackElo "2121"]
[WhiteFideId "8603430"]
[BlackFideId "2512700"]
[EventDate "2025.08.26"]

1. d4 Nf6 2. Nf3 d5 3. Bf4 e6 4. e3 c5 5. c3 Nc6 6. Nbd2 Bd6 7. Bg3 O-O 8. Bd3
a6 9. Qe2 b5 10. Rd1 Bb7 11. e4 dxe4 12. Nxe4 Nxe4 13. Bxe4 cxd4 14. Nxd4 Na5
15. Nc6 Bxc6 16. Rxd6 Qc8 17. Rxc6 Nxc6 18. Qf3 Nd4 19. cxd4 Qc1+ 20. Qd1 Qxd1+
21. Kxd1 Rad8 22. d5 exd5 23. Bd3 f6 24. Re1 Rfe8 25. Rxe8+ Rxe8 26. Kd2 Kf7 27.
Bd6 Ke6 28. Bc5 g6 29. b4 Rd8 30. a4 Rb8 31. axb5 axb5 32. h4 Kd7 33. Ke3 Kc6
34. Bd4 Rf8 35. h5 gxh5 36. Bxh7 Rf7 37. Bg6 Rg7 38. Be8+ Kc7 39. Kf3 Re7 40.
Bxb5 Re6 41. Bd3 Kd6 42. b5 Kd7 43. b6 Kc6 44. Bf5 Re7 45. Bc8 Re8 46. b7 Kc7
47. Ba7 Rxc8 48. bxc8=Q+ Kxc8 49. Bd4 Kd7 50. Bxf6 Ke6 51. Bd4 Kf5 52. Kg3 Kg5
53. f4+ Kf5 54. Kf3 h4 55. Be5 Kg6 56. Kg4 Kf7 57. Kxh4 Ke6 58. Kg4 Kf7 59. Bd4
Ke6 60. Kg5 Kf7 61. Kf5 Ke7 62. g4 Kf7 63. g5 Ke7 64. Ke5 Kf7 65. Kxd5 Kg6 66.
Ke6 Kh7 67. f5 Kg8 68. Ke7 Kh7 69. Bf2 Kg8 70. f6 Kh7 71. f7 Kg6 72. Be3 Kh7 73.
f8=Q Kg6 74. Qf6+ Kh7 75. g6+ Kg8 76. Qf7+ Kh8 77. Qh7# 1-0

[Event "Titled Tue 26th Aug Early"]
[Site "chess.com INT"]
[Date "2025.08.26"]
[Round "7"]
[White "Shevchenko, Yaroslav"]
[Black "Mullodzhanov, Nathaniel"]
[Result "1-0"]
[WhiteElo "2134"]
[BlackElo "2120"]
[WhiteFideId "34144684"]
[BlackFideId "30961580"]
[EventDate "2025.08.26"]

1. e4 c5 2. Nf3 d6 3. Bb5+ Nd7 4. O-O a6 5. Bxd7+ Bxd7 6. c3 Nf6 7. Re1 e6 8. d4
cxd4 9. cxd4 Be7 10. Nc3 O-O 11. Bg5 Bc6 12. Qd2 d5 13. e5 Ne4 14. Nxe4 dxe4 15.
Bxe7 Qxe7 16. Ng5 f5 17. exf6 Qxf6 18. Nxe4 Qg6 19. Ng3 Rad8 20. Qe3 Bd5 21. a3
Qf6 22. Rac1 Rc8 23. Rxc8 Rxc8 24. Nh5 Qf7 25. Nf4 Bc4 26. b3 Bd5 27. h4 h6 28.
h5 Qf6 29. g3 Kh7 30. Qd3+ Kg8 31. Qe3 Kh7 32. Kh2 Rc6 33. a4 a5 34. Qd2 b6 35.
Re5 Rd6 36. Qd3+ Kg8 37. Qb5 Qd8 38. Nxd5 Rxd5 39. Rxd5 exd5 40. Qc6 Qg5 41.
Qc8+ Kh7 42. Qc2+ Kg8 43. Qc8+ Kh7 44. Qc2+ Kg8 45. Qd1 Qf6 46. Kg2 Qf5 47. Qe2
Kh7 48. Qf3 Qe6 49. Qf4 Kg8 50. Qe5 Qf7 51. g4 Qd7 52. Kg3 Qd8 53. f4 Qd7 54.
Kh4 Qc6 55. g5 hxg5+ 56. fxg5 Qd7 57. Qf4 Qe7 58. Qe5 Qd7 59. g6 Qd8+ 60. Kg4
Qd7+ 61. Qf5 Qe7 62. Qf7+ Qxf7 63. gxf7+ Kxf7 64. Kf5 Kg8 65. Ke5 Kh7 66. Kxd5
Kh6 67. Ke5 Kxh5 68. d5 g5 69. d6 g4 70. d7 g3 71. d8=Q g2 72. Qh8+ Kg4 73. Qg8+
Kf3 74. Qxg2+ Kxg2 75. Kd6 Kf3 76. Kc6 b5 77. Kb6 bxa4 78. bxa4 Ke4 79. Kxa5 Kd5
80. Kb6 Kd6 81. a5 Kd7 82. Kb7 Kd6 83. a6 Kc5 84. a7 1-0

[Event "Titled Tue 26th Aug Early"]
[Site "chess.com INT"]
[Date "2025.08.26"]
[Round "7"]
[White "Ibrahimli, Murad"]
[Black "Saydaliev, Saidakbar"]
[Result "1/2-1/2"]
[WhiteTitle "IM"]
[BlackTitle "IM"]
[WhiteElo "2445"]
[BlackElo "2455"]
[WhiteFideId "13410229"]
[BlackFideId "14203693"]
[EventDate "2025.08.26"]

1. d4 Nf6 2. c4 e6 3. Nf3 d5 4. Nc3 Nbd7 5. cxd5 exd5 6. Bf4 Bb4 7. e3 Ne4 8.
Nd2 Nxc3 9. bxc3 Bxc3 10. Rc1 Ba5 11. Bd3 O-O 12. h4 c6 13. Kf1 Nf6 14. Nf3 Bg4
15. Qc2 h6 16. Ne5 Rc8 17. Nxg4 Nxg4 18. Bh7+ Kh8 19. Bf5 Nf6 20. Bxc8 Qxc8 21.
h5 Bc7 22. Bxc7 Qxc7 23. g3 Re8 24. Kg2 Qd7 25. Rb1 Ne4 26. Rb2 Nd6 27. Rh4 Nc4
28. Rb3 b5 29. Rf4 a5 30. Qd3 a4 31. Rb1 Kg8 32. Qc3 Qe7 33. Re1 Rb8 34. e4 b4
35. Qc1 Qd7 36. e5 b3 37. axb3 axb3 38. Qc3 b2 39. Rb1 Qb7 40. Rf3 Qa6 41. e6
fxe6 42. Qe1 e5 43. Qe2 e4 44. Rc3 Qa2 45. Qc2 Na3 46. Rxa3 Qxa3 47. Qxc6 Qb3
48. Qe6+ Kh8 49. Qe5 Rf8 50. Qd6 Qf3+ 51. Kh3 Qxh5+ 52. Kg2 Qf3+ 53. Kh3 Qxf2
54. Rxb2 Qf1+ 55. Kh4 e3 56. Rb1 Qf5 57. Re1 Qg5+ 58. Kh3 Rf2 59. Qb8+ Kh7 60.
Qb1+ Kg8 61. Qb8+ Rf8 62. Qd6 Qf5+ 63. Kh4 Qf6+ 64. Qxf6 Rxf6 65. Rxe3 Kf7 66.
Re5 Rd6 67. Kg4 Kf6 68. Kf4 g6 69. g4 Rd8 70. g5+ hxg5+ 71. Kg4 Rd7 72. Rxg5 Rd8
73. Re5 Rd7 74. Kf4 Rd8 75. Kg4 Rd7 76. Kf4 Rd8 77. Kg4 1/2-1/2

[Event "Titled Tue 26th Aug Early"]
[Site "chess.com INT"]
[Date "2025.08.26"]
[Round "7"]
[White "Arias Igual, Alejandro"]
[Black "Sobek, Jaroslav"]
[Result "1/2-1/2"]
[WhiteTitle "FM"]
[BlackTitle "FM"]
[WhiteElo "2242"]
[BlackElo "2195"]
[WhiteFideId "2254905"]
[BlackFideId "301388"]
[EventDate "2025.08.26"]

1. e4 c5 2. Nf3 a6 3. g3 b5 4. Bg2 Bb7 5. d3 g6 6. a4 Bg7 7. axb5 axb5 8. Rxa8
Bxa8 9. O-O Nf6 10. Re1 d6 11. h3 O-O 12. c3 b4 13. Qc2 Nc6 14. d4 bxc3 15. bxc3
cxd4 16. cxd4 Na5 17. Bd2 Nc6 18. d5 Nb8 19. Bc3 Nbd7 20. Nd4 Qc8 21. Rc1 Qc5
22. Nd2 Rc8 23. N2b3 Qb6 24. Qb2 Bb7 25. Nd2 Qxb2 26. Bxb2 Rxc1+ 27. Bxc1 Nxe4
28. Nc6 Nxd2 29. Bxd2 Bf6 30. Be3 Kf8 31. Kh2 Ke8 32. Nb4 Bc3 33. Nd3 Nf6 34.
Nf4 Be5 35. h4 Bxf4 36. Bxf4 Bxd5 37. Bh3 e6 38. Bg5 Nd7 39. Be3 Nc5 40. Kg1 Ke7
41. Kf1 f6 42. Ke2 e5 43. Bc1 Be6 44. Bg2 d5 45. Ba3 Kd6 46. Kd2 d4 47. Ke2 Bd5
48. Kd2 Kc6 49. Bf1 Ne4+ 50. Ke1 Nc3 51. Be7 f5 52. Bf6 Kd6 53. Bg7 Ne4 54. Bd3
Nc5 55. Bf1 Ne6 56. Bh8 e4 57. Kd2 Ke7 58. Be5 d3 59. Bh8 Nc5 60. Ke3 Ke6 61.
Bc3 Nb3 62. Bb4 Nc1 63. Bc3 Ne2 64. Bxe2 dxe2 65. Kxe2 Bc4+ 66. Ke3 Kf7 67. Bd2
Be6 68. Bc3 Bd5 69. Kf4 h6 70. Ke3 g5 71. hxg5 hxg5 72. Ba5 Kg6 73. Bc7 Kh5 74.
Bd8 Kg4 75. Be7 f4+ 76. gxf4 gxf4+ 77. Ke2 Bc4+ 78. Ke1 Kf3 79. Bc5 Kg2 80. Bb6
Kf3 81. Bc5 Bb5 82. Bd4 Kg2 83. Bc5 e3 84. Bxe3 fxe3 85. fxe3 Kf3 86. e4 Kxe4 1/2-1/2

[Event "Titled Tue 26th Aug Early"]
[Site "chess.com INT"]
[Date "2025.08.26"]
[Round "7"]
[White "Mummana Venkata Ruthvik"]
[Black "Drygalov, Sergey"]
[Result "0-1"]
[WhiteTitle "CM"]
[BlackTitle "GM"]
[WhiteElo "2237"]
[BlackElo "2560"]
[WhiteFideId "25697307"]
[BlackFideId "24171743"]
[EventDate "2025.08.26"]

1. Nf3 Nf6 2. g3 d5 3. Bg2 g6 4. O-O Bg7 5. d4 c6 6. b3 O-O 7. Bb2 a5 8. Nbd2 a4
9. c4 a3 10. Bc3 Nbd7 11. Rc1 Ne4 12. Nxe4 dxe4 13. Ne5 Nxe5 14. dxe5 Qc7 15.
Qd4 Bf5 16. Bxe4 Bxe5 17. Qxe5 Qxe5 18. Bxe5 Bxe4 19. Rfd1 Rfd8 20. Bc7 Rdc8 21.
Bb6 Bf5 22. Bc5 Kf8 23. Rd2 Ke8 24. Rcd1 Ra6 25. f3 b6 26. Bb4 c5 27. Bc3 f6 28.
e4 Be6 29. Kf2 Ra7 30. Rd3 Rb7 31. Bd2 b5 32. cxb5 Rxb5 33. Bc1 c4 34. bxc4 Rxc4
35. Bxa3 Ra4 36. Bc1 Rxa2+ 37. R3d2 Ra1 38. Rd8+ Kf7 39. Bh6 Rb2+ 40. Ke3 Ra3+
41. R1d3 Rxd3+ 42. Kxd3 Bh3 43. Bd2 Rb3+ 44. Ke2 Bg2 45. Be3 h5 46. Kf2 Bh3 47.
Rd2 g5 48. Bd4 g4 49. Be3 gxf3 50. Kxf3 Rb4 51. Rd4 Bg4+ 52. Kf2 Rb3 53. Rd2 Ke6
54. Bf4 Rf3+ 55. Kg2 Rc3 56. Kf2 h4 57. Rb2 h3 58. Be3 Rc4 59. Rb6+ Kf7 60. Rb7
Rc2+ 61. Kf1 Rxh2 62. Bc5 Rc2 63. Rxe7+ Kg6 64. Bg1 h2 65. Bxh2 Rxh2 66. e5 f5
67. Re6+ Kg5 68. Re8 Ra2 69. e6 Kf6 70. e7 Kf7 71. Rb8 Kxe7 72. Rb6 Rd2 73. Ke1
Rd6 74. Rb7+ Ke6 75. Rb5 Rd5 76. Rb8 Ke5 77. Re8+ Kd4 78. Kf2 Re5 79. Ra8 Re2+
80. Kf1 Rc2 81. Ra3 Rc3 82. Ra4+ Ke3 83. Ra2 Bf3 84. Ra1 Be4 85. Ra2 Rc1# 0-1

[Event "Titled Tue 26th Aug Early"]
[Site "chess.com INT"]
[Date "2025.08.26"]
[Round "7"]
[White "Mamedov, Edgar"]
[Black "Drozdowski, Kacper"]
[Result "1-0"]
[WhiteTitle "GM"]
[BlackTitle "IM"]
[WhiteElo "2490"]
[BlackElo "2450"]
[WhiteFideId "13739980"]
[BlackFideId "1136720"]
[EventDate "2025.08.26"]

1. d4 Nf6 2. c4 e6 3. Nf3 d5 4. Nc3 h6 5. Bf4 Bd6 6. Bxd6 Qxd6 7. e3 O-O 8. Rc1
c6 9. h3 Nbd7 10. Be2 dxc4 11. Bxc4 Qe7 12. O-O e5 13. e4 exd4 14. Qxd4 Re8 15.
Rfe1 Nb6 16. e5 Nfd5 17. Bxd5 Nxd5 18. Nxd5 cxd5 19. Qxd5 Be6 20. Qa5 b6 21. Qa4
Bd7 22. Qf4 Rac8 23. Rxc8 Rxc8 24. Rc1 Rxc1+ 25. Qxc1 Be6 26. a3 Qd7 27. Qc3
Qd1+ 28. Kh2 Qe2 29. Qd2 Qe4 30. Qd4 Qe2 31. Kg1 Qc2 32. Qd8+ Kh7 33. Qd2 Qe4
34. Kh2 Kg8 35. Qe3 Qc2 36. b4 Bd5 37. Nd4 Qg6 38. f3 Qb1 39. Qc3 Qd1 40. Nf5
Be6 41. Nd6 Qd5 42. f4 g6 43. Ne8 Kf8 44. Nf6 Qd8 45. Qe3 Kg7 46. Ne4 Qd5 47.
Nd6 Qd1 48. Ne8+ Kf8 49. Nd6 Kg7 50. Qg3 Qc2 51. Ne8+ Kf8 52. Nf6 Kg7 53. Qe3 h5
54. Ne8+ Kf8 55. Nd6 Bd5 56. Qg3 Qd2 57. Qg5 Bxg2 58. Qxg2 Qxf4+ 59. Qg3 Qd2+
60. Kg1 Qd1+ 61. Kg2 Ke7 62. Qg5+ Kd7 63. Ne4 Qe2+ 64. Nf2 Qa2 65. Qf6 Qd5+ 66.
Qf3 Qe6 67. Nd3 Ke8 68. Kg3 Kf8 69. Qa8+ Kg7 70. Qf3 Qc4 71. Qf6+ Kg8 72. Qd8+
Kg7 73. Qf6+ Kg8 74. Qf3 Qd4 75. Kg2 h4 76. Kf1 Qc3 77. Ke2 Qc2+ 78. Ke3 Qc3 79.
Qe4 Qxa3 80. e6 fxe6 81. Qxg6+ Kf8 82. Qf6+ Kg8 83. Qxe6+ Kg7 84. Qg4+ Kf8 85.
Qxh4 a5 86. Qd8+ Kg7 87. Qc7+ Kh8 88. Qb8+ Kh7 89. Qb7+ Kh8 90. Qxb6 a4 91. Qd4+
Kh7 92. b5 Qb3 93. Qb4 Qd1 94. b6 Qg1+ 95. Kd2 a3 96. Qxa3 Qxb6 97. Qe7+ Kh8 98.
Qh4+ Kg8 99. Qg3+ Kh8 100. Qe5+ Kh7 101. Qe4+ Kh8 102. h4 Qa5+ 103. Ke2 Qa2+
104. Kf3 Qb1 105. Qd4+ Kh7 106. Qd7+ Kh8 107. Qe8+ Kh7 108. Qe4+ Kh8 109. Nf4
Qd1+ 110. Qe2 Qh1+ 111. Kg4 Qg1+ 112. Kf5 Qb1+ 113. Qe4 Qf1 114. Qe5+ Kh7 115.
Qe7+ Kh8 116. Qf8+ Kh7 117. Qf7+ Kh8 118. Qf6+ Kh7 119. Qe7+ Kh8 120. Kg5 Qc1
121. Qf8+ Kh7 122. Qf7+ Kh8 123. Qf6+ Kh7 124. Qf5+ Kh8 125. Kh6 Kg8 126. Qe6+
Kf8 127. Qf6+ Ke8 128. h5 Kd7 129. Qf7+ Kd6 130. Kh7 Qf1 131. h6 Kc6 132. Qe6+
Kb7 133. Qf7+ Ka6 134. Qf6+ Ka7 135. Kh8 Qb1 136. h7 Qb8+ 137. Kg7 Qb3 138. h8=Q
Qf3 139. Qf7+ Ka6 140. Qc8+ Ka5 141. Qa7+ Kb4 142. Qab7+ Ka3 143. Qxf3+ Kb4 144.
Qfb7+ Ka5 145. Qca8# 1-0

[Event "Titled Tue 26th Aug Early"]
[Site "chess.com INT"]
[Date "2025.08.26"]
[Round "8"]
[White "Kiseleva, Arina"]
[Black "Zobel, Christian"]
[Result "1-0"]
[WhiteTitle "WCM"]
[BlackTitle "CM"]
[WhiteElo "2006"]
[BlackElo "2218"]
[WhiteFideId "4164989"]
[BlackFideId "16259068"]
[EventDate "2025.08.26"]

1. d4 Nf6 2. Nf3 e6 3. e3 d5 4. Bd3 Bd6 5. O-O O-O 6. Nbd2 Nbd7 7. b3 e5 8. dxe5
Nxe5 9. Be2 Bg4 10. Bb2 Nxf3+ 11. Nxf3 Ne4 12. h3 Bxf3 13. Bxf3 Qg5 14. c4 c6
15. Bxe4 1-0

[Event "Titled Tue 26th Aug Early"]
[Site "chess.com INT"]
[Date "2025.08.26"]
[Round "8"]
[White "Krzywda, Andrzej"]
[Black "Liu, Casper"]
[Result "0-1"]
[WhiteTitle "CM"]
[BlackTitle "FM"]
[WhiteElo "2149"]
[BlackElo "2361"]
[WhiteFideId "1114565"]
[BlackFideId "1454153"]
[EventDate "2025.08.26"]

1. e4 e5 2. Nf3 Nf6 3. Nc3 Bc5 4. Nxe5 Nc6 5. Nxc6 dxc6 6. Be2 Qd4 7. O-O h5 8.
d3 Ng4 9. Qe1 Qe5 10. Bxg4 hxg4 11. g3 Qh5 12. h4 gxh3 13. Kh2 Qf3 14. Rg1 Bxf2
15. Qf1 Bxg3+ 0-1

[Event "Titled Tue 26th Aug Early"]
[Site "chess.com INT"]
[Date "2025.08.26"]
[Round "8"]
[White "Pertinez Soria, Juan Luis"]
[Black "Petrenko, Maryna"]
[Result "0-1"]
[WhiteTitle "CM"]
[BlackTitle "WFM"]
[WhiteElo "2125"]
[BlackElo "1972"]
[WhiteFideId "2225620"]
[BlackFideId "14197820"]
[EventDate "2025.08.26"]

1. e4 c6 2. Nc3 d5 3. Nf3 Nf6 4. d3 dxe4 5. dxe4 Qxd1+ 6. Kxd1 Bg4 7. Bd3 Nbd7
8. h3 Bxf3+ 9. gxf3 Ne5 10. Be2 O-O-O+ 11. Bd2 e6 12. f4 Ng6 13. Ke1 Bb4 14. Rg1
Rxd2 15. Kxd2 Nxe4+ 16. Ke3 Nxc3 17. bxc3 Bxc3 18. Rad1 c5 19. Bd3 Bd4+ 20. Kf3
Nh4+ 21. Kg4 Bxf2 22. Rgf1 h5+ 23. Kg5 f6# 0-1

[Event "Titled Tue 26th Aug Early"]
[Site "chess.com INT"]
[Date "2025.08.26"]
[Round "8"]
[White "Manvelyan, Mikayel"]
[Black "Sindarov, Javokhir"]
[Result "0-1"]
[WhiteTitle "FM"]
[BlackTitle "GM"]
[WhiteElo "2386"]
[BlackElo "2722"]
[WhiteFideId "13310143"]
[BlackFideId "14205483"]
[EventDate "2025.08.26"]

1. d4 Nf6 2. c4 g6 3. Nf3 Bg7 4. g3 c5 5. d5 b5 6. cxb5 a6 7. b6 d6 8. Bg2 Nbd7
9. O-O O-O 10. Nc3 Nxb6 11. Nd2 Rb8 12. e4 a5 13. Qc2 Ba6 14. Re1 Ng4 15. Bf1
Bxf1 16. Rxf1 Qc8 17. h3 Ne5 18. Kg2 Qa6 19. f4 Nd3 20. Nf3 a4 21. Bd2 Nb4 22.
Qd1 Nc4 23. Bc1 a3 24. Rb1 axb2 25. Bd2 Nxa2 26. Nxa2 Qxa2 27. Qe2 Na3 0-1

[Event "Titled Tue 26th Aug Early"]
[Site "chess.com INT"]
[Date "2025.08.26"]
[Round "8"]
[White "Dinesh, Rajan M"]
[Black "Silva, Luca"]
[Result "1-0"]
[WhiteTitle "CM"]
[BlackTitle "FM"]
[WhiteElo "2206"]
[BlackElo "2214"]
[WhiteFideId "35060600"]
[BlackFideId "147370"]
[EventDate "2025.08.26"]

1. e4 c6 2. d4 d5 3. Nc3 dxe4 4. Nxe4 Nf6 5. Ng3 h5 6. h4 g6 7. Nf3 Bg7 8. Bc4
O-O 9. Ne5 Kh7 10. Bxf7 Rxf7 11. Nxf7 Qd5 12. Ng5+ Kg8 13. Qd3 Bf5 14. Nxf5 gxf5
15. Bf4 Na6 16. c4 Qxg2 17. O-O-O Nb4 18. Qxf5 Qxf2 19. Rd2 Nd3+ 20. Rxd3 Qg2
21. Re1 Rf8 22. Rd2 Qg4 23. Qxg4 Nxg4 24. Ne6 Rf6 25. Nxg7 Kxg7 26. Rxe7+ 1-0

[Event "Titled Tue 26th Aug Early"]
[Site "chess.com INT"]
[Date "2025.08.26"]
[Round "8"]
[White "Sarveshwaran V"]
[Black "Mecit, Emre"]
[Result "1-0"]
[WhiteTitle "CM"]
[WhiteElo "2290"]
[BlackElo "2007"]
[WhiteFideId "25699016"]
[BlackFideId "6304214"]
[EventDate "2025.08.26"]

1. e4 c5 2. Nc3 g6 3. h4 Bg7 4. h5 Nc6 5. Bc4 e6 6. d3 a6 7. h6 Bf8 8. a4 Be7 9.
Nf3 Rb8 10. Bf4 d6 11. Qd2 Nf6 12. e5 dxe5 13. Nxe5 Nxe5 14. Bxe5 Bd6 15. Qg5
Bxe5 16. Qxe5 1-0

[Event "Titled Tue 26th Aug Early"]
[Site "chess.com INT"]
[Date "2025.08.26"]
[Round "8"]
[White "Jahnz, Laurin"]
[Black "Oluka Robert Mcligeyo"]
[Result "1-0"]
[WhiteTitle "CM"]
[BlackTitle "CM"]
[WhiteElo "2219"]
[BlackElo "2081"]
[WhiteFideId "16261089"]
[BlackFideId "10814647"]
[EventDate "2025.08.26"]

1. e4 c5 2. Nf3 d6 3. Bb5+ Bd7 4. Bxd7+ Qxd7 5. O-O Nf6 6. Qe2 Nc6 7. Rd1 e6 8.
c3 Be7 9. d4 cxd4 10. cxd4 O-O 11. Nc3 Rac8 12. h3 Rfd8 13. Bf4 Bf8 14. e5 Nd5
15. Nxd5 exd5 16. Ng5 h6 17. e6 fxe6 18. Qxe6+ Qxe6 19. Nxe6 Re8 20. Nxf8 Kxf8
21. Bxd6+ Kf7 22. Kf1 Re4 23. Rac1 Rce8 24. Bc5 R8e6 25. a4 b6 26. Ba3 Nxd4 27.
Rc7+ Re7 28. Rxe7+ 1-0

[Event "Titled Tue 26th Aug Early"]
[Site "chess.com INT"]
[Date "2025.08.26"]
[Round "8"]
[White "Bologan, Victor"]
[Black "Poleg, Matan"]
[Result "0-1"]
[WhiteTitle "GM"]
[BlackTitle "FM"]
[WhiteElo "2601"]
[BlackElo "2277"]
[WhiteFideId "13900048"]
[BlackFideId "2811472"]
[EventDate "2025.08.26"]

1. e4 e5 2. Nf3 Nc6 3. Bc4 Bc5 4. d3 Nf6 5. c3 a6 6. Nbd2 Ba7 7. Bb3 h6 8. h3 d6
9. Nf1 Be6 10. Ng3 Qd7 11. Qe2 O-O 12. O-O Rad8 13. Nh2 d5 14. Qf3 dxe4 15. dxe4
Nh7 16. Nf5 Bxf5 17. exf5 Qd3 18. Qxc6 bxc6 0-1